运气测试 扫雷版 - Statistics

General Stats
  • This quiz has been taken 2 495 times
  • The average score is 9 of 90
Answers on the Grid
Answers color-coded by a green-red scale on the quiz's grid according to % correct below.
O
O
O
O
O
O
O
O
O
O
O
O
O
O
O
O
O
O
O
O
O
O
O
O
O
O
O
O
O
O
O
O
O
O
O
O
O
O
O
O
O
O
O
O
O
O
O
O
O
O
O
O
O
O
O
O
O
O
O
O
O
O
O
O
O
O
O
O
O
O
O
O
O
O
O
O
O
O
O
O
O
O
O
O
O
O
O
O
O
O
O
O
O
O
O
O
O
O
O
O
 
Answer Stats
Answer % Correct
O
14%
O
14%
O
14%
O
13%
O
13%
O
12%
O
12%
O
12%
O
12%
O
12%
O
12%
O
12%
O
12%
O
12%
O
12%
O
11%
O
11%
O
11%
O
11%
O
11%
O
11%
O
11%
O
11%
O
11%
O
11%
O
11%
O
11%
O
11%
O
11%
O
11%
O
11%
O
11%
O
11%
O
11%
O
11%
O
11%
O
11%
O
11%
O
11%
O
10%
O
10%
O
10%
O
10%
O
10%
O
10%
O
10%
O
10%
O
10%
O
10%
O
10%
O
10%
O
10%
O
10%
O
10%
O
10%
O
10%
O
10%
O
10%
O
10%
O
10%
O
10%
O
10%
O
10%
O
10%
O
10%
O
9%
O
9%
O
9%
O
9%
O
9%
O
9%
O
9%
O
9%
O
9%
O
9%
O
9%
O
9%
O
9%
O
9%
O
9%
O
9%
O
9%
O
9%
O
9%
O
8%
O
8%
O
8%
O
8%
O
7%
O
7%
No matching quizzes found
Score Distribution
Percent of People with Each Score
Percentile by Number Answered
Your Score History
You have not taken this quiz